[Event "35th ECC Open 2019"]
[Site "Budva MNE"]
[Date "2019.11.15"]
[Round "6.21"]
[White "Duijn, Ri"]
[Black "Boel, M."]
[Result "1/2-1/2"]
[WhiteElo "2220"]
[BlackElo "2218"]
[PlyCount "81"]
[EventDate "2019.11.10"]
[EventType "team"]
[EventRounds "7"]
[EventCountry "MNE"]
[SourceTitle "OM OTB B 201907"]
[Source "Opening Master"]
[SourceDate "2019.07.06"]
[SourceVersion "2"]
[SourceVersionDate "2019.07.06"]
[SourceQuality "1"]
[WhiteTeam "Kennemer Combinatie"]
[BlackTeam "MuConsult Apeldoorn"]

1. e4 e5 2. Nf3 Nc6 3. c3 d5 4. Qa4 f6 5. Bb5 Nge7 6. exd5 Qxd5 7. d4 exd4 8.
cxd4 Bg4 9. Nc3 Qd7 10. Be3 Nd5 11. Nxd5 Qxd5 12. Rc1 Bd7 13. O-O Nb4 14. Bxd7+
Qxd7 15. Qb3 O-O-O 16. Nd2 Nd5 17. Nc4 Re8 18. Na5 Bb4 19. Rc5 Nxe3 20. Qxb4 b6
21. fxe3 Qe7 22. Rc4 Qxb4 23. Rxb4 bxa5 24. Rb3 Re6 25. Rc3 Rhe8 26. Kf2 Rb6
27. b3 a4 28. Rfc1 Re7 29. bxa4 Rb4 30. Ra3 Rb2+ 31. Kf3 Rd2 32. a5 a6 33. Rc6
Kb7 34. Rc5 Rd7 35. Rb3+ Ka7 36. a3 Ka8 37. Rc4 Re7 38. Rc5 Rd7 39. Rc6 Ka7 40.
Re6 Rc2 41. Re8 1/2-1/2

[Event "SVK-chT1W 1920"]
[Site "Slovakia"]
[Date "2019.11.09"]
[Round "3.4"]
[White "Petrik, Stanislav"]
[Black "Meszaros, Lorant"]
[Result "1-0"]
[WhiteElo "2154"]
[BlackElo "1938"]
[PlyCount "59"]
[EventDate "2019.10.12"]
[EventType "team-tourn"]
[EventRounds "11"]
[EventCountry "SVK"]
[SourceTitle "OM OTB B 201907"]
[Source "Opening Master"]
[SourceDate "2019.07.06"]
[SourceVersion "2"]
[SourceVersionDate "2019.07.06"]
[SourceQuality "1"]
[WhiteTeam "Bratislava Doprastav"]
[BlackTeam "Orechova Poton"]
[WhiteTeamCountry "SVK"]
[BlackTeamCountry "SVK"]

1. e4 e5 2. Nf3 Nc6 3. c3 d5 4. Bb5 dxe4 5. Nxe5 Qd5 6. Qa4 Nge7 7. Nxc6 bxc6
8. Bc4 Qg5 9. g3 Bh3 10. Na3 Qe5 11. Nc2 g6 12. b3 Bh6 13. Ne3 Bxe3 14. fxe3
O-O 15. Ba3 Bg2 16. Rg1 Bf3 17. Rf1 Nf5 18. Rc1 Nxg3 19. hxg3 Qxg3+ 20. Rf2
Rfd8 21. Qxc6 Kg7 22. Rc2 Rab8 23. Bc5 Rd3 24. Bxd3 exd3 25. Qxf3 Qxf3 26. Rxf3
dxc2 27. Ba3 Rb5 28. Bc1 a5 29. d4 Rh5 30. Rf2 1-0

[Event "Dutch League 2019-20"]
[Site "Netherlands NED"]
[Date "2019.11.02"]
[Round "2.5"]
[White "Broekmeulen, Ja"]
[Black "Buckels, Valentin"]
[Result "1-0"]
[WhiteElo "2376"]
[BlackElo "2453"]
[PlyCount "53"]
[EventDate "2019.09.28"]
[EventType "team"]
[EventRounds "9"]
[EventCountry "NED"]
[SourceTitle "The Week in Chess 1308"]
[Source "Mark Crowther"]
[SourceDate "2019.12.02"]
[SourceVersion "1"]
[SourceVersionDate "2019.12.02"]
[SourceQuality "2"]
[WhiteTeam "HMC Den Bosch 1"]
[BlackTeam "En Passant 1"]

1. e4 e5 2. Nf3 Nc6 3. c3 d5 4. Qa4 f6 5. Bb5 Nge7 6. exd5 Qxd5 7. d4 exd4 8.
cxd4 a6 9. Nc3 axb5 10. Qxa8 Qc4 11. a3 b4 12. axb4 Nxb4 13. Ra4 Nc2+ 14. Kd1
Qd3+ 15. Bd2 Kf7 16. Ne1 Nxe1 17. Rxe1 Bd7 18. Qxb7 Bxa4+ 19. Nxa4 Qxd4 20. Re4
Qd3 21. Nc5 Qd6 22. Qb3+ Nd5 23. Ne6 c6 24. Nd4 Qd7 25. Qc4 Bd6 26. Nxc6 Bxh2
27. Re7+ 1-0

[Event "13th Figueira da Foz Open"]
[Site "Figueira da Foz POR"]
[Date "2019.11.01"]
[Round "7.21"]
[White "Barros, Luis"]
[Black "Junior, Aguinaldo Vera Cruz"]
[Result "1-0"]
[WhiteElo "1628"]
[BlackElo "1558"]
[PlyCount "131"]
[EventDate "2019.10.27"]
[EventType "swiss"]
[EventRounds "9"]
[EventCountry "POR"]
[SourceTitle "The Week in Chess 1304"]
[Source "Mark Crowther"]
[SourceDate "2019.11.04"]
[SourceVersion "1"]
[SourceVersionDate "2019.11.04"]
[SourceQuality "2"]

1. e4 e5 2. Nf3 Nc6 3. c3 a6 4. Bc4 Bc5 5. d4 exd4 6. cxd4 Bb4+ 7. Nc3 Bxc3+ 8.
bxc3 h6 9. Qb3 Qe7 10. O-O Na5 11. Qa4 Nxc4 12. Qxc4 d6 13. e5 Bd7 14. Qxc7 Bc6
15. exd6 Qxc7 16. dxc7 Bxf3 17. gxf3 Nf6 18. Rb1 b5 19. c4 O-O 20. d5 bxc4 21.
d6 Nd7 22. Re1 Rfe8 23. Bf4 f5 24. h4 Kf7 25. Re3 a5 26. Rc1 Nb6 27. Rd1 Rxe3
28. Bxe3 Nd7 29. Rd4 Ke6 30. f4 Nb6 31. Rd1 Nd7 32. Bc1 Nc5 33. Ba3 Nd7 34.
Re1+ Kd5 35. Re7 Kc6 36. Rxg7 c3 37. Kf1 Re8 38. Re7 Rg8 39. Re3 Nb6 40. Rxc3+
Kd7 41. Rb3 Kc6 42. Rc3+ Kd7 43. Ke2 Rg4 44. Rb3 Nc8 45. Ke3 Rxh4 46. f3 Rh1
47. Kd4 h5 48. Rb5 h4 49. Rxf5 Ke6 50. Re5+ Kd7 51. Rh5 Nb6 52. f5 h3 53. Rh7+
Kc8 54. Rh8+ Kd7 55. Rd8+ Kc6 56. c8=Q+ Nxc8 57. Rxc8+ Kd7 58. Rc7+ Kd8 59. Kd5
h2 60. Rh7 Rd1+ 61. Ke5 h1=Q 62. Rxh1 Rxh1 63. Bc5 Ke8 64. f6 Rh6 65. d7+ Kxd7
66. f7 1-0

[Event "22nd European Teams"]
[Site "Batumi GEO"]
[Date "2019.10.31"]
[Round "7.7"]
[White "Lagarde, Max"]
[Black "Papaioannou, I."]
[Result "1-0"]
[WhiteElo "2657"]
[BlackElo "2645"]
[PlyCount "41"]
[EventDate "2019.10.24"]
[EventType "team"]
[EventRounds "9"]
[EventCountry "GEO"]
[SourceTitle "The Week in Chess 1304"]
[Source "Mark Crowther"]
[SourceDate "2019.11.04"]
[SourceVersion "1"]
[SourceVersionDate "2019.11.04"]
[SourceQuality "2"]
[WhiteTeam "France"]
[BlackTeam "Greece"]
[WhiteTeamCountry "FRA"]
[BlackTeamCountry "GRE"]

1. e4 e5 2. Nf3 Nc6 3. c3 d5 4. Qa4 f6 5. d3 Nge7 6. Be2 Be6 7. O-O Qd7 8. Nbd2
Ng6 9. Rd1 Nf4 10. Bf1 g5 11. d4 g4 12. Ne1 Rg8 13. Bb5 a6 14. Nb3 O-O-O 15.
Bxf4 exf4 16. c4 dxc4 17. d5 Ne5 18. Nd4 Qxb5 19. Nxb5 Bd7 20. Na7+ Kb8 21.
Nc6+ 1-0

[Event "18th Menton Open 2019"]
[Site "Menton FRA"]
[Date "2019.10.21"]
[Round "4.1"]
[White "Efimov, Ig"]
[Black "Brunello, S."]
[Result "0-1"]
[WhiteElo "2421"]
[BlackElo "2548"]
[PlyCount "40"]
[EventDate "2019.10.19"]
[EventType "swiss"]
[EventRounds "9"]
[EventCountry "FRA"]
[SourceTitle "The Week in Chess 1303"]
[Source "Mark Crowther"]
[SourceDate "2019.10.28"]
[SourceVersion "1"]
[SourceVersionDate "2019.10.28"]
[SourceQuality "2"]

1. e4 e5 2. Nf3 Nc6 3. c3 Nf6 4. d4 Nxe4 5. d5 Bc5 6. dxc6 Bxf2+ 7. Ke2 Bb6 8.
Qd5 Nf2 9. Be3 Nxh1 10. cxb7 Bxb7 11. Qxb7 O-O 12. Qe4 d5 13. Qh4 Qd6 14. Nbd2
Bxe3 15. Kxe3 Qb6+ 16. Ke2 Qxb2 17. Rb1 Qxa2 18. Kd1 e4 19. Nd4 e3 20. Nc2 Nf2+
0-1

[Event "Chigorin Memorial 2019"]
[Site "St Petersburg RUS"]
[Date "2019.10.05"]
[Round "1.101"]
[White "Azimov, Ilyas"]
[Black "Makshanov, Matvey"]
[Result "1-0"]
[WhiteElo "2229"]
[BlackElo "1753"]
[PlyCount "79"]
[EventDate "2019.10.05"]
[EventType "swiss"]
[EventRounds "9"]
[EventCountry "RUS"]
[SourceTitle "The Week in Chess 1300"]
[Source "Mark Crowther"]
[SourceDate "2019.10.07"]
[SourceVersion "1"]
[SourceVersionDate "2019.10.07"]
[SourceQuality "2"]

1. e4 e5 2. Nf3 Nc6 3. c3 d5 4. Bb5 dxe4 5. Nxe5 Qd5 6. Qa4 Nge7 7. Nxc6 bxc6
8. Be2 Bd7 9. O-O Ng6 10. Re1 Be7 11. Bf1 Bf5 12. c4 Qd6 13. Nc3 O-O 14. Nxe4
Qd7 15. d3 Ne5 16. Bf4 f6 17. Rad1 h5 18. d4 Ng6 19. Bc1 Bxe4 20. Rxe4 f5 21.
Ree1 f4 22. d5 f3 23. Qxc6 Qxc6 24. dxc6 Bc5 25. g3 h4 26. Rd5 Bb4 27. Red1
hxg3 28. hxg3 Ne7 29. Rd7 Nf5 30. Bh3 Bc5 31. Bxf5 Rxf5 32. R7d5 Raf8 33. Rxf5
Rxf5 34. Rd5 Rxd5 35. cxd5 Kf7 36. Be3 Bxe3 37. fxe3 g5 38. d6 g4 39. dxc7 a5
40. c8=Q 1-0

[Event "Blansko Chess Masters"]
[Site "Blansko CZE"]
[Date "2019.09.27"]
[Round "7.5"]
[White "Kraus, To"]
[Black "Menezes, Chr"]
[Result "1/2-1/2"]
[WhiteElo "2473"]
[BlackElo "2423"]
[PlyCount "86"]
[EventDate "2019.09.21"]
[EventType "tourn"]
[EventRounds "9"]
[EventCountry "CZE"]
[EventCategory "8"]
[SourceTitle "The Week in Chess 1299"]
[Source "Mark Crowther"]
[SourceDate "2019.09.30"]
[SourceVersion "1"]
[SourceVersionDate "2019.09.30"]
[SourceQuality "2"]

1. e4 e5 2. Nf3 Nc6 3. c3 Nf6 4. d3 d5 5. Nbd2 Bc5 6. Be2 O-O 7. b4 Bd6 8. O-O
Ne7 9. Bb2 Ng6 10. Re1 c6 11. Bf1 Re8 12. g3 h6 13. Bg2 Be6 14. a3 Qd7 15. exd5
cxd5 16. c4 d4 17. Rc1 Rac8 18. c5 Bb8 19. Nc4 Bd5 20. Nfd2 Bxg2 21. Kxg2 b5
22. Na5 Bc7 23. Nab3 Qc6+ 24. Qf3 Nd5 25. Kg1 Nge7 26. Re2 Qg6 27. Kh1 f5 28.
Rce1 Qf6 29. Nxd4 exd4 30. Nb3 Nc3 31. Re6 Qf7 32. Bxc3 dxc3 33. Qb7 Ng6 34.
Rxe8+ Rxe8 35. Rxe8+ Qxe8 36. Qxc7 Qe6 37. Qd8+ Kh7 38. Nd4 Qe1+ 39. Kg2 Qd1
40. c6 Nf4+ 41. gxf4 Qg4+ 42. Kf1 Qd1+ 43. Kg2 Qg4+ 1/2-1/2

[Event "16th Avicenna Open 2019"]
[Site "Hamedan IRI"]
[Date "2019.09.16"]
[Round "6.7"]
[White "Khademi, M."]
[Black "Lomsadze, D."]
[Result "1-0"]
[WhiteElo "2262"]
[BlackElo "2304"]
[PlyCount "115"]
[EventDate "2019.09.12"]
[EventType "swiss"]
[EventRounds "9"]
[EventCountry "IRI"]
[SourceTitle "The Week in Chess 1298"]
[Source "Mark Crowther"]
[SourceDate "2019.09.23"]
[SourceVersion "1"]
[SourceVersionDate "2019.09.23"]
[SourceQuality "2"]

1. e4 e5 2. Nf3 Nc6 3. c3 Nf6 4. d4 d5 5. Bb5 Nxe4 6. Nxe5 Bd7 7. Nxd7 Qxd7 8.
Nd2 Nxd2 9. Bxd2 Bd6 10. Qf3 a6 11. Ba4 Qe6+ 12. Kf1 O-O 13. Re1 Qg6 14. g3 Na5
15. Bd7 Nc4 16. Bc1 Nb6 17. Bf5 Qf6 18. Qg4 h5 19. Qh3 g6 20. Bc2 Qf3 21. Qg2
Qxg2+ 22. Kxg2 Rfe8 23. f3 Kg7 24. h4 Nd7 25. Kf2 f5 26. b3 b5 27. Bd2 Nf6 28.
Bd3 Rxe1 29. Rxe1 Re8 30. Ra1 c5 31. a4 c4 32. Bc2 b4 33. cxb4 c3 34. Bc1 Bxb4
35. a5 Nh7 36. Bd3 Ra8 37. Bf4 Nf8 38. Ke2 Ne6 39. Be5+ Kf7 40. g4 Be7 41. gxf5
gxf5 42. Bxf5 Bxh4 43. Rh1 Bf6 44. Bxe6+ Kxe6 45. Bxf6 Kxf6 46. Rxh5 Rc8 47.
Kd1 c2+ 48. Kc1 Rc3 49. b4 Rc4 50. Rxd5 Rxb4 51. Kxc2 Ke6 52. Re5+ Kd6 53. Kd3
Rb1 54. Ke4 Rd1 55. f4 Rd2 56. Kf5 Rxd4 57. Re6+ Kd7 58. Rxa6 1-0

[Event "Serbian League 2019"]
[Site "Subotica SRB"]
[Date "2019.09.01"]
[Round "11.2"]
[White "Radovic, Janko"]
[Black "Popov, Si1"]
[Result "1/2-1/2"]
[WhiteElo "2430"]
[BlackElo "2440"]
[PlyCount "58"]
[EventDate "2019.08.22"]
[EventType "team"]
[EventRounds "11"]
[EventCountry "SRB"]
[SourceTitle "The Week in Chess 1296"]
[Source "Mark Crowther"]
[SourceDate "2019.09.09"]
[SourceVersion "1"]
[SourceVersionDate "2019.09.09"]
[SourceQuality "2"]
[WhiteTeam "SLOGA TURIST Kraljevo"]
[BlackTeam "NAFTAGAS Elemir"]

1. e4 e5 2. Nf3 Nc6 3. c3 Nf6 4. d4 Nxe4 5. d5 Ne7 6. Nxe5 Ng6 7. Nxg6 hxg6 8.
Bd3 Nf6 9. O-O Bd6 10. Re1+ Kf8 11. h3 Nxd5 12. Bxg6 Qf6 13. Be4 Nf4 14. Bf3
Be5 15. Bxf4 Qxf4 16. g3 Qf6 17. Bg4 d5 18. Bxc8 Rxc8 19. Qxd5 Bd6 20. Kg2 Rd8
21. Qxb7 Rxh3 22. Nd2 Bxg3 23. Ne4 Rh2+ 24. Kxg3 Qe5+ 25. Kf3 Qh5+ 26. Ke3 Qh6+
27. Ke2 Qh5+ 28. Ke3 Rh3+ 29. Ng3 Qe5+ 1/2-1/2

[Event "27th Poznan Open 2019"]
[Site "Poznan POL"]
[Date "2019.08.24"]
[Round "8.8"]
[White "Szymanski, Zbi2"]
[Black "Przybylski, W."]
[Result "0-1"]
[WhiteElo "1832"]
[BlackElo "2312"]
[PlyCount "66"]
[EventDate "2019.08.18"]
[EventType "swiss"]
[EventRounds "9"]
[EventCountry "POL"]
[SourceTitle "The Week in Chess 1294"]
[Source "Mark Crowther"]
[SourceDate "2019.08.26"]
[SourceVersion "1"]
[SourceVersionDate "2019.08.26"]
[SourceQuality "2"]

1. e4 e5 2. Nf3 Nc6 3. c3 Nf6 4. d4 Nxe4 5. d5 Nb8 6. Nxe5 Bd6 7. Nc4 Bc5 8.
Be3 Bxe3 9. Nxe3 O-O 10. Nd2 Nxd2 11. Qxd2 d6 12. Bd3 Nd7 13. O-O Ne5 14. Bc2
Re8 15. Rae1 Ng6 16. f4 Nf8 17. Qd4 c5 18. dxc6 bxc6 19. Nf5 Bxf5 20. Bxf5 Qa5
21. Bb1 d5 22. g3 Nd7 23. Re3 Rxe3 24. Qxe3 Nf6 25. Re1 h5 26. Kg2 c5 27. Qe5
Qb6 28. Re2 Qb5 29. c4 Qxc4 30. Rc2 Qb5 31. Qd6 c4 32. Re2 c3 33. Rc2 Re8 0-1

[Event "Northumbria Masters 2019"]
[Site "Newcastle ENG"]
[Date "2019.08.24"]
[Round "2.13"]
[White "Harari, Z."]
[Black "Mannion, Stephen R"]
[Result "0-1"]
[WhiteElo "2042"]
[BlackElo "2285"]
[PlyCount "112"]
[EventDate "2019.08.23"]
[EventType "swiss"]
[EventRounds "9"]
[EventCountry "ENG"]
[SourceTitle "The Week in Chess 1296"]
[Source "Mark Crowther"]
[SourceDate "2019.09.09"]
[SourceVersion "1"]
[SourceVersionDate "2019.09.09"]
[SourceQuality "2"]

1. e4 e5 2. Nf3 Nc6 3. c3 Nf6 4. d4 Nxe4 5. d5 Ne7 6. Nxe5 Ng6 7. Qf3 Nf6 8.
Nxg6 hxg6 9. Be3 Be7 10. Nd2 d6 11. Bb5+ Bd7 12. Bxd7+ Qxd7 13. O-O O-O 14. Bd4
Rae8 15. h3 Qf5 16. Qxf5 gxf5 17. c4 Ne4 18. Nb3 b6 19. Rfe1 Bg5 20. Rad1 g6
21. f3 Ng3 22. Bf2 f4 23. Nd4 Bf6 24. Nb5 Bxb2 25. Nxc7 Rxe1+ 26. Rxe1 Nf5 27.
Rb1 Be5 28. Nb5 Rc8 29. Rc1 Ne3 30. Bxe3 fxe3 31. Nxa7 Ra8 32. Nc6 Bg3 33. Rc2
f5 34. Kf1 f4 35. Nb4 Bh4 36. Nc6 g5 37. Nd4 Kf7 38. Ke2 Kf6 39. Nb5 Ke5 40.
Kd3 Be1 41. a3 Bd2 42. Ra2 Ra4 43. Nc3 Bxc3 44. Kxc3 b5 45. cxb5 Kxd5 46. Kb3
Rd4 47. Rc2 Rd1 48. a4 Kd4 49. Kb4 Kd3 50. Rc3+ Kd2 51. Rc6 e2 52. Rxd6+ Ke3
53. Re6+ Kd3 54. b6 e1=Q+ 55. Rxe1 Rxe1 56. a5 Kd4 0-1

[Event "V Copel Masters Open 2019"]
[Site "Caioba BRA"]
[Date "2019.08.18"]
[Round "9.6"]
[White "Languidey, Simon Alejandro"]
[Black "Molina, Rob"]
[Result "1-0"]
[WhiteElo "2429"]
[BlackElo "2454"]
[PlyCount "117"]
[EventDate "2019.08.12"]
[EventType "swiss"]
[EventRounds "9"]
[EventCountry "BRA"]
[SourceTitle "The Week in Chess 1294"]
[Source "Mark Crowther"]
[SourceDate "2019.08.26"]
[SourceVersion "1"]
[SourceVersionDate "2019.08.26"]
[SourceQuality "2"]

1. e4 e5 2. Nf3 Nc6 3. c3 Nf6 4. d4 exd4 5. e5 Ne4 6. Qe2 f5 7. exf6 d5 8. Nbd2
Qxf6 9. Nxe4 dxe4 10. Qxe4+ Qe6 11. Bd3 dxc3 12. O-O Qxe4 13. Bxe4 Bd6 14. bxc3
h6 15. Rb1 O-O 16. Be3 Nd8 17. Rfd1 Bf5 18. Bd5+ Kh7 19. Rb2 a6 20. Nd4 Bg6 21.
Nb3 Be5 22. Bd4 Bxd4 23. Rxd4 Rc8 24. Nc5 c6 25. Bf3 Re8 26. h4 Rc7 27. h5 Bf5
28. Rf4 Be6 29. Be4+ Kg8 30. Bg6 Bf7 31. Bxf7+ Rxf7 32. Rxf7 Nxf7 33. Rxb7 Re1+
34. Kh2 Re5 35. Rb8+ Kh7 36. Nxa6 Rxh5+ 37. Kg3 Rg5+ 38. Kf3 Ra5 39. Nb4 c5 40.
Nd3 c4 41. Nb4 Ra3 42. Ke3 Rxc3+ 43. Kd2 Ra3 44. Rb6 Ne5 45. Ra6 Rxa6 46. Nxa6
Kg6 47. Nc5 Kf7 48. Kc3 Ke7 49. Kd4 Ng4 50. f3 Nf6 51. Kxc4 g5 52. a4 g4 53.
fxg4 Nxg4 54. Kb5 Kd8 55. a5 Kc8 56. a6 Kb8 57. Kb6 Ne5 58. a7+ Ka8 59. Ne6 1-0

[Event "29th EY Open U18 2019"]
[Site "Bratislava SVK"]
[Date "2019.08.07"]
[Round "6.52"]
[White "Voges, Guilherme"]
[Black "Korjus, Onni"]
[Result "1/2-1/2"]
[WhiteElo "1619"]
[BlackElo "1878"]
[PlyCount "81"]
[EventDate "2019.08.02"]
[EventType "swiss"]
[EventRounds "9"]
[EventCountry "SVK"]
[SourceTitle "The Week in Chess 1292"]
[Source "Mark Crowther"]
[SourceDate "2019.08.12"]
[SourceVersion "1"]
[SourceVersionDate "2019.08.12"]
[SourceQuality "2"]

1. e4 e5 2. Nf3 Nc6 3. c3 d5 4. Qa4 f6 5. Bb5 Nge7 6. d3 a6 7. Bxc6+ Nxc6 8.
Be3 Be6 9. O-O Qd7 10. Qc2 Be7 11. exd5 Qxd5 12. Re1 O-O-O 13. d4 Bg4 14. Nbd2
Qd7 15. dxe5 fxe5 16. Ng5 Bf5 17. Nge4 Qd3 18. Qxd3 Rxd3 19. Ng3 Bg6 20. Nde4
Rhd8 21. a4 Na5 22. Bc5 Bf6 23. Nxf6 gxf6 24. Be7 R8d5 25. f3 f5 26. Rac1 Rd2
27. c4 R5d4 28. Bb4 Nb3 29. Bxd2 Nxd2 30. Rxe5 Nxc4 31. Re2 c6 32. b3 Nd2 33.
Rc3 f4 34. Ne4 Nxe4 35. fxe4 Bxe4 36. Rf2 Kc7 37. Rh3 Kb6 38. Rh4 Bxg2 39. Rxh7
f3 40. Rb2 Rd1+ 41. Kf2 1/2-1/2

[Event "Levice Toth Memorial"]
[Site "Levice"]
[Date "2019.08.03"]
[Round "4"]
[White "Mikulec, Martin"]
[Black "Garban, Mario"]
[Result "0-1"]
[WhiteElo "1840"]
[BlackElo "2003"]
[PlyCount "112"]
[EventDate "2019.08.01"]
[EventType "swiss"]
[EventRounds "7"]
[EventCountry "SVK"]
[SourceTitle "OM OTB B 201907"]
[Source "Opening Master"]
[SourceDate "2019.07.06"]
[SourceVersion "2"]
[SourceVersionDate "2019.07.06"]
[SourceQuality "1"]

1. e4 e5 2. Nf3 Nc6 3. c3 Be7 4. d4 d6 5. Bb5 Bd7 6. O-O Nf6 7. Re1 O-O 8. Bg5
h6 9. Bxf6 Bxf6 10. dxe5 Nxe5 11. Bxd7 Nxf3+ 12. Qxf3 Qxd7 13. Nd2 Qb5 14. Nb3
Rfe8 15. Re2 d5 16. Rae1 dxe4 17. Rxe4 Rxe4 18. Qxe4 Rd8 19. g3 a5 20. Qc2 a4
21. Nd2 Qd3 22. Re8+ Kh7 23. Qxd3+ Rxd3 24. Ne4 Rd1+ 25. Kg2 Kg6 26. Nxf6 Kxf6
27. Re2 a3 28. bxa3 Rc1 29. Rb2 b6 30. a4 Rxc3 31. a5 bxa5 32. Rb5 a4 33. Ra5
a3 34. Kf1 Ke6 35. Ke1 g5 36. Kd2 Rf3 37. Ke2 g4 38. h3 f5 39. Ra6+ Kd5 40.
Rxh6 Rc3 41. Kd2 Rf3 42. Ke2 Rc3 43. Kd2 Rc4 44. hxg4 fxg4 45. Ra6 Rd4+ 46. Kc3
Re4 47. Kb3 Re2 48. Rf6 c5 49. Kxa3 Kc4 50. Rf4+ Kc3 51. Ka4 c4 52. Kb5 Re5+
53. Ka4 Kd3 54. Kb4 c3 55. Rc4 c2 56. a4 Re4 0-1

[Event "6th Prague Summer Open"]
[Site "Prague CZE"]
[Date "2019.08.02"]
[Round "1.4"]
[White "Neuman, P."]
[Black "Turkova, K."]
[Result "1-0"]
[WhiteElo "2392"]
[BlackElo "2015"]
[PlyCount "95"]
[EventDate "2019.08.02"]
[EventType "swiss"]
[EventRounds "9"]
[EventCountry "CZE"]
[SourceTitle "The Week in Chess 1292"]
[Source "Mark Crowther"]
[SourceDate "2019.08.12"]
[SourceVersion "1"]
[SourceVersionDate "2019.08.12"]
[SourceQuality "2"]

1. e4 e5 2. Nf3 Nc6 3. c3 Nf6 4. d3 Be7 5. Be2 O-O 6. O-O d5 7. Nbd2 Re8 8. b4
Bd6 9. Bb2 Bg4 10. a3 a5 11. Qc2 Qd7 12. h3 Bh5 13. Rfe1 h6 14. Bf1 dxe4 15.
dxe4 axb4 16. axb4 Ne7 17. Rxa8 Rxa8 18. g4 Bg6 19. Nc4 Qe6 20. Nh4 h5 21. f3
hxg4 22. hxg4 b5 23. Nxd6 Qxd6 24. Bc1 c5 25. bxc5 Qxc5+ 26. Be3 Qc6 27. Qb3
Rc8 28. Rc1 Nxg4 29. fxg4 Qxe4 30. Ng2 Qxg4 31. Qxb5 Nf5 32. Qxe5 Nh4 33. Qf4
Qxf4 34. Bxf4 Nf3+ 35. Kf2 Be4 36. Be2 g5 37. Bxf3 Bxf3 38. Kxf3 gxf4 39. c4
Kg7 40. Nxf4 Kf6 41. Ke4 Re8+ 42. Kd4 Kf5 43. Rf1 Kg4 44. Nd5 Rf8 45. Nf6+ Kh4
46. Rh1+ Kg3 47. Rg1+ Kf4 48. Rg8 1-0

[Event "TCh-TUR 1st League 2019"]
[Site "Konya TUR"]
[Date "2019.07.27"]
[Round "8.5"]
[White "Tirak, Mert"]
[Black "Cakan, C."]
[Result "1-0"]
[WhiteElo "1997"]
[BlackElo "1932"]
[PlyCount "45"]
[EventDate "2019.07.22"]
[EventType "team"]
[EventRounds "9"]
[EventCountry "TUR"]
[SourceTitle "The Week in Chess 1290"]
[Source "Mark Crowther"]
[SourceDate "2019.07.29"]
[SourceVersion "2"]
[SourceVersionDate "2019.07.30"]
[SourceQuality "2"]
[WhiteTeam "BOGAZICI UNIVERSITESI SPOR KULUBU"]
[BlackTeam "PAMUKKALE UNIVERSITELI SATRANC VE AKIL OYUNLA"]

1. e4 e5 2. Nf3 Nc6 3. c3 d5 4. Qa4 f6 5. Bb5 Nge7 6. exd5 Qxd5 7. d4 Bg4 8. c4
Qe4+ 9. Be3 exd4 10. Nbd2 Qg6 11. Nxd4 Bd7 12. O-O-O Kf7 13. N2f3 a6 14. c5
Qxg2 15. Qb3+ Ke8 16. Bc4 Nd8 17. Bf4 Rc8 18. Rhe1 g5 19. Bxg5 fxg5 20. Ne5 Bh6
21. Bf7+ Kf8 22. Nxd7+ Kg7 23. Rxe7 1-0

[Event "TCh-TUR 1st League 2019"]
[Site "Konya TUR"]
[Date "2019.07.25"]
[Round "5.10"]
[White "Ozcan, Ilker"]
[Black "Taspinar, Yanki"]
[Result "0-1"]
[WhiteElo "1874"]
[BlackElo "1938"]
[PlyCount "52"]
[EventDate "2019.07.22"]
[EventType "team"]
[EventRounds "9"]
[EventCountry "TUR"]
[SourceTitle "The Week in Chess 1290"]
[Source "Mark Crowther"]
[SourceDate "2019.07.29"]
[SourceVersion "2"]
[SourceVersionDate "2019.07.30"]
[SourceQuality "2"]
[WhiteTeam "DR. METIN SURMELI SATRANC KULUBU-DENIZLI"]
[BlackTeam "SALIHLI SARDES SATRANC KULUBU"]

1. e4 e5 2. Nf3 Nc6 3. c3 d5 4. Qa4 Qd6 5. Bb5 Bd7 6. exd5 Qxd5 7. O-O Be7 8.
d3 Nf6 9. Re1 a6 10. Bc4 Qd6 11. Qc2 b5 12. Bb3 O-O 13. Nxe5 Nxe5 14. Bf4 Nf3+
15. gxf3 Qxf4 16. Qd2 Qxf3 17. Bd1 Qc6 18. Rxe7 Be6 19. Qg5 Qd6 20. Rxe6 Qxe6
21. Nd2 Rad8 22. d4 Ne4 23. Nxe4 Qxe4 24. Bb3 Rd6 25. Qe3 Rg6+ 26. Kf1 Qh1+ 0-1

[Event "ch-ESP U18 2019"]
[Site "Salobrena ESP"]
[Date "2019.07.22"]
[Round "2.46"]
[White "Marti Olivella, Gerard"]
[Black "Hernando Santiago, Alberto"]
[Result "1/2-1/2"]
[WhiteElo "1884"]
[BlackElo "1604"]
[PlyCount "67"]
[EventDate "2019.07.22"]
[EventType "swiss"]
[EventRounds "9"]
[EventCountry "ESP"]
[SourceTitle "The Week in Chess 1290"]
[Source "Mark Crowther"]
[SourceDate "2019.07.29"]
[SourceVersion "2"]
[SourceVersionDate "2019.07.30"]
[SourceQuality "2"]

1. e4 e5 2. Nf3 Nc6 3. c3 d5 4. Qa4 Qd6 5. Bb5 Bd7 6. d3 Nf6 7. O-O Be7 8. Re1
O-O 9. exd5 Nxd5 10. Nbd2 Nb6 11. Qc2 f6 12. Ne4 Qd5 13. c4 Qf7 14. Be3 Rfd8
15. a3 a6 16. Bxc6 Bxc6 17. b4 Rd7 18. Re2 Rad8 19. Rd2 Bxe4 20. dxe4 Nxc4 21.
Rxd7 Rxd7 22. Qc3 Nd6 23. Nd2 Bf8 24. f3 Qe8 25. Nb3 Kh8 26. Nc5 Nb5 27. Qc4
Bxc5 28. Bxc5 Qd8 29. a4 Rd1+ 30. Rxd1 Qxd1+ 31. Kf2 Nd6 32. Qe6 Qd2+ 33. Kg3
Qg5+ 34. Kf2 1/2-1/2

[Event "TCh-TUR Club 2019"]
[Site "Konya TUR"]
[Date "2019.07.21"]
[Round "9.24"]
[White "Sabit, Ahmet"]
[Black "Yaman, Ilyas Yigit"]
[Result "1-0"]
[WhiteElo "1365"]
[BlackElo "1249"]
[PlyCount "73"]
[EventDate "2019.07.16"]
[EventType "team"]
[EventRounds "9"]
[EventCountry "TUR"]
[SourceTitle "OM OTB B 201907"]
[Source "Opening Master"]
[SourceDate "2019.07.06"]
[SourceVersion "2"]
[SourceVersionDate "2019.07.06"]
[SourceQuality "1"]
[WhiteTeam "KADIRLI SAVRUN SPOR KULUBU DERNEGI"]
[BlackTeam "ERZURUM SATRANC EGITIM MERKEZI SPOR KULUBU"]

1. e4 e5 2. Nf3 Nc6 3. c3 Nf6 4. Bb5 d6 5. h3 a6 6. Bd3 Be7 7. Bc2 h6 8. d4
exd4 9. cxd4 Nb4 10. Nc3 Nxc2+ 11. Qxc2 c5 12. d5 b5 13. O-O O-O 14. Be3 Nh7
15. Nh2 f5 16. exf5 Bxf5 17. Ne4 Nf6 18. Nxf6+ Rxf6 19. Qd2 Qd7 20. g4 Bh7 21.
f4 Raf8 22. f5 Qb7 23. Rae1 Kh8 24. Bf4 Bg8 25. Rd1 Bd8 26. Rfe1 a5 27. Nf3 a4
28. Nh4 Bh7 29. Re6 Bc7 30. Rde1 Qa8 31. Rxf6 Rxf6 32. Re7 Qd8 33. Qe2 Rf8 34.
Qe6 Bg8 35. Ng6+ Kh7 36. Nxf8+ Qxf8 37. Qg6+ 1-0